000 00947nas a2200313 4500
001 BR2011004348
003 BR-BrBNA
005 20231205115046.0
007 ta
008 230509b bl.|||p| |||| 00| 00por d
040 _aBR-BrBNA
_bpor
_cBiblioteca Nacional de Agricultura
041 _a(Pt)
072 _aF03
100 1 _aFarias, S.G.G. de
100 1 _aFreire, A.L. de O.
100 1 _aSantos, D.R. dos
100 1 _aBakke, I.A.
100 1 _aSilva, R.B e
245 1 _aEfeitos dos estresses hídrico e salino na germinação de sementes de gliricídia [Gliricidia sepium (Jacq.)Steud.]
650 _aGLIRICIDIA
650 _aADUBO VERDE
650 _aSEMENTE
650 _aGERMINAÇÃO
650 _aSALINIDADE
650 _aDESIDRATAÇÃO
773 0 _tRevista Caatinga (Brazil)
_xISSN 0100-316X
_g(Oct-Dec 2009), v. 22(4) p. 152-157
_wBR2011004348
909 _a202311
_bLúcia
_c55
_dLúcia Elande
942 _2AGRIS
_n0
_cANA
999 _c211884
_d211884